000 01144nam a2200217Ii 4500
003 JO-AjNU
008 230605s9999||||xx |||||||||||||| ||und||
017 _a2004/15073
040 _aJO-AjNU
_bara
_erda
_cJO-AjNU
041 _aara
050 1 4 _aHE281.5.A2.I85. 2005
100 3 _aاعداد:فريق من خبراء المنظمة العربية للتنمية الادارية؛ اشراف:عبد القادر فتحي لاشين,
_eauthor
_932875
245 0 0 _aالاتفاقية العامة للتجارة في الخدمات (GATS)وعلاقتها بقطاع النقل في الدول العربية
264 3 1 _aالقاهرة: المنظمة العربية للتنمية الادارية،2005
300 _a488ص
_bيحتوي على ملاحق من ص 475-481،ببلوغرافية من ص485-488
336 _atext
_btxt
_2rdacontent
337 _aunmediated
_bn
_2rdamedia
338 _avolume
_bnc
_2rdacarrier
490 0 _aالمنظمة العربية للتنمية الادارية بحوث ودراسات
650 4 _aالنقل البحري -- عالم عربي-الاتفاقية العامة للتجارة
_932876
999 _aA13321
_c16889
_d16889